1079 1289 1302 1310 1064 1260 1864 1003 1484 1841 1813 1997 1336 1409 1839 1100 1759 1567 1789 1427 1313 1866 1034 1367 1127 1928 1044 1781 1103 1728 1127 1860 1217 1949 1304 1859 1064 1794 1593 1618 1369 1660 1469 1794 1631 1514 1349 1646 1801 1573 1971 1722 1155 1134 1677 1470 1297 1458 1571 1338 1774 1961 1227 1690 1200 1132 1694 1205 1370 1599 1091 1092 1198 1154 1803 1971 1346 1699 1537 1600 1651 1908 1587 1194 1454 1004 1862 1934 1648 1828 1581 1026 1729 1501 1113 1002 1834 1109 1024 BCNSPRNW ULIB Ver.6.0+V

เปลี่ยนเป็นภาษาไทย

Change to English
 แสดงรายละเอียดบรรณานุกรม
  กลับหน้าหลัก

Brief Record : Get Marc (ISO 2709) : E-mail record : QR code < ปิดหน้าต่าง
LEADER : 00000nam 2200000uu 4500
001    13399114474
003     ULIB
008    120404s2552||||th 000 0 tha d
020    ^a9786165350112
090    ^aนว.^bอ113ส 2552
100 0  ^aองค์หญิงยิ้มหวาน
245 00 ^aDangerous Guy สัญญาณรักอันตรายนายวายร้ายมาดนิ่ง/^cองค์หญิงยิ้มหวาน
250    ^aพิมพ์ครั้งที่ 1
260    ^aกรุงเทพฯ :^bSugar Rain,^c2552
300    ^a240 หน้า
710 1  ^aSugar Rain
945    ^p159^l0^i16305
995    ^aกัณชพร
999    ^aใช้งานได้ทุกระบบ
รายการนี้ยังไม่มีแท็ก
คุณยังไม่ได้ล็อกอิน คุณสามารถมีกิจกรรมร่วมกับเว็บไซต์ได้ แต่ต้องล็อกอินก่อน ::
  ล็อกอิน

รายการสื่อสารสนเทศ

ลำดับที่ ประเภท เลขเรียก/บาร์โค้ด สถานที่ สถานะ
1. นวนิยาย
นวนิยาย
นว. อ113ส 2552  
  Barcode: 16305
ห้องสมุดวิทยาเขตสวรรค์ประชารักษ์
►นวนิยาย
บนชั้น
  ขอยืม

BibComment


ยังไม่เคยถูกคอมเมนท์

คอมเมนท์ทรัพยากรรายการนี้
  คอมเมนท์: Dangerous Guy สั..


 Copyright 2026. Bcnsprnw @Library